00690 2200253 4500001002100000005001700021008004100038020002200079035002400101040001200125082001000137084001600147100001600163245007800179250001100257260003200268300003100300500001500331650002100346700002300367850001200390990001700402990001700419INLIS00000000002233720160907100826.0  a978-602-279-106-5 0010-091600000000109 aYOPDYOG a028.5 a028.5 Umm B aUmmu Muhsin aBelajar Bijak dari si Burung Pincangc/ Ummu Muhsin, penyunting, Saifudin aCet. 1 aYogyakartabDiva Kidsc2014 a95 hlm.b: ilus.c; 26 cm. ahlm. 11-95 aBuku Cerita Anak aSaifudin, Mahadewa aYOPDYOG a3463-KS/B.15 a3464-KS/B.15